Education and sports psychology / (Record no. 147969)

MARC details
000 -LEADER
fixed length control field 00580nam a22001937a 4500
005 - DATE AND TIME OF LATEST TRANSACTION
control field 20181214155116.0
010 ## - LCCN (DPL NO)
LC control number ENG-121862
020 ## - INTERNATIONAL STANDARD BOOK NUMBER
International Standard Book Number 9789380873145
Terms of availability 650.00
035 ## - SYSTEM CONTROL NUMBER
System control number EN-105394
037 ## - SOURCE OF ACQUISITION
Source of stock number/acquisition DBAD/PUB
082 ## - DEWEY DECIMAL CLASSIFICATION NUMBER
Classification number 796.07
245 ## - TITLE STATEMENT
Title Education and sports psychology /
Statement of responsibility, etc edited by V.K.Verma
260 ## - PUBLICATION, DISTRIBUTION, ETC. (IMPRINT)
Place of publication, distribution, etc Delhi
Name of publisher, distributor, etc Educational Publishers and Distributors
Date of publication, distribution, etc 2011
270 ## - ADDRESS
Address 291, Bank Enclave, Laxmi Nagar
City Delhi
Postal code 110092
300 ## - PHYSICAL DESCRIPTION
Extent viii,262p.
Dimensions 22cm(Hb)
500 ## - GENERAL NOTE
General note Includes index
700 ## - ADDED ENTRY--PERSONAL NAME
Personal name Verma,V.K
942 ## - ADDED ENTRY ELEMENTS (KOHA)
Source of classification or shelving scheme Dewey Decimal Classification
Item type English Books
Classification part 796.07
Call number suffix EDU
Holdings
Withdrawn status Lost status Not for loan Collection code Home library Current library Date acquired Source of acquisition Cost, normal purchase price Full call number Barcode Copy number Cost, replacement price Koha item type
    Not For Loan Non-fiction D.B.Act.Division D.B.Act.Division 13/12/2017 DBAD/PUB 650.00 796.07 EDU EN-105394 1 650.00 English Books

© Delhi Public Library
Hit Counter
free hit counter